Детали машин и основы конструирования: учебное пособие

Detalles Bibliográficos
Otros Autores: Ерохин М. Н. Михаил Никитьевич (редактор)
Sumario:Даны основы расчета и конструирования различных передач (зубчатых, червячных, ременных и др.), валов, подшипников, муфт и других деталей сельскохозяйственных машин. Рассмотрены вопросы компоновки привода и оформления сборочных чертежей. Изложены особенности проектирования механических передач с использованием вычислительной техники. Уделено внимание информационному и патентно-лицензионному поиску, стандартизации и нормализации изделий, формированию надежности машины при проектировании. Приведены методические рекомендации, нормативные материалы и выдержки из стандартов, необходимые для выполнения расчетов. Для студентов вузов по агроинженерным специальностям.
Lenguaje:ruso
Publicado: Москва, КолосС, 2005
Colección:Учебники и учебные пособия для студентов высших учебных заведений
Materias:
Formato: Libro
KOHA link:https://koha.lib.tpu.ru/cgi-bin/koha/opac-detail.pl?biblionumber=99173

MARC

LEADER 00000nam0a2200000 4500
001 99173
005 20231101214231.0
010 |a 5953200447 
035 |a (RuTPU)RU\TPU\book\106393 
090 |a 99173 
100 |a 20060629d2005 m y0rusy50 ca 
101 0 |a rus 
102 |a RU 
105 |a a j 001zy 
200 1 |a Детали машин и основы конструирования  |e учебное пособие  |f под ред. М. Н. Ерохина 
210 |a Москва  |c КолосС  |d 2005 
215 |a 462 с.  |c ил. 
225 1 |a Учебники и учебные пособия для студентов высших учебных заведений 
320 |a Библиогр.: с. 459. 
330 |a Даны основы расчета и конструирования различных передач (зубчатых, червячных, ременных и др.), валов, подшипников, муфт и других деталей сельскохозяйственных машин. Рассмотрены вопросы компоновки привода и оформления сборочных чертежей. Изложены особенности проектирования механических передач с использованием вычислительной техники. Уделено внимание информационному и патентно-лицензионному поиску, стандартизации и нормализации изделий, формированию надежности машины при проектировании. Приведены методические рекомендации, нормативные материалы и выдержки из стандартов, необходимые для выполнения расчетов. Для студентов вузов по агроинженерным специальностям. 
451 1 |0 (RuTPU)RU\TPU\book\150324  |y 978-5-9532-0683-9  |t Детали машин и основы конструирования  |o учебное пособие для вузов  |f М. Н. Ерохин [и др.]  |c М.  |n КолосС  |d 2008  |p 463 с.  |s Учебники и учебные пособия для студентов высших учебных заведений 
606 1 |a Детали машин  |2 stltpush  |3 (RuTPU)RU\TPU\subj\9144  |9 36422 
610 1 |a сельскохозяйственные машины 
610 1 |a механические передачи 
610 1 |a конструирование 
610 1 |a проектирование 
610 1 |a машины 
610 1 |a надежность 
610 1 |a приводы 
610 1 |a кинематический расчет 
610 1 |a силовой расчет 
610 1 |a зубчатые передачи 
610 1 |a червячные передачи 
610 1 |a ременные передачи 
610 1 |a цепные передачи 
610 1 |a валы 
610 1 |a подшипники качения 
610 1 |a подшипники скольжения 
610 1 |a компоновка 
610 1 |a муфты 
610 1 |a резьбовые соединения 
610 1 |a сварные соединения 
610 1 |a пружины 
610 1 |a ЭВМ 
610 1 |a курсовые проекты 
610 1 |a выполнение 
610 1 |a учебные пособия 
675 |a 621.81(075.8)  |v 3 
702 1 |a Ерохин  |b М. Н.  |g Михаил Никитьевич  |4 340 
801 1 |a RU  |b 63413507  |c 20060629  |g PSBO 
801 2 |a RU  |b 63413507  |c 20210601  |g PSBO 
900 |a Детали машин и основы конструирования 
900 |a Детали машин 
942 |c BK 
953 |b 110300  |b 110304 
959 |a 59/20060626  |d 2  |e 782,00  |f ЧЗТЛ:2